1123 1388 1449 1842 1996 1027 1262 1749 1249 1756 1220 1415 1049 1174 1296 1035 1418 1912 1613 1773 1915 1633 1265 1099 1706 1732 1950 1312 1555 1803 1360 1271 1262 1646 1937 1483 1218 1028 1498 1999 1984 1130 1879 1932 1930 1285 1573 1068 1739 1710 1131 1527 1308 1834 1683 1010 1564 1600 1583 1876 1265 1803 1717 1673 1584 1131 1574 1066 1213 1688 1733 1563 1839 1739 1694 1935 1775 1798 1608 1948 1853 1908 1737 1309 1874 1847 1696 1904 1573 1956 1257 1226 1627 1524 1494 1426 1550 1774 1308 BCNSPRNW ULIB Ver.6.0+V

เปลี่ยนเป็นภาษาไทย

Change to English
 แสดงรายละเอียดบรรณานุกรม
  กลับหน้าหลัก

Brief Record : Get Marc (ISO 2709) : E-mail record : QR code < ปิดหน้าต่าง
LEADER : 00000nam 2200000uu 4500
001    13399115149
003     ULIB
008    110627s2551||||th 000 0 tha d
020    9789740439905
082 0  นว.^bล411ก
090    นว.^bล411ก
100 0  ล
245 00 กุหลาบกลางผืนทราย/^cล
260    กรุงเทพฯ :^bแจ่มใส,^c2551
300    263 หน้า
710 1  แจ่มใส
945    ^p169^l0^i026771
995    ทศพร
999 ^a ใช้งานได้ทุกระบบ
รายการนี้ยังไม่มีแท็ก
คุณยังไม่ได้ล็อกอิน คุณสามารถมีกิจกรรมร่วมกับเว็บไซต์ได้ แต่ต้องล็อกอินก่อน ::
  ล็อกอิน

รายการสื่อสารสนเทศ

ลำดับที่ ประเภท เลขเรียก/บาร์โค้ด สถานที่ สถานะ
1. นวนิยาย
นวนิยาย
นว. ล411กนว. ล411ก ฉ.1 
  Barcode: 026771
ห้องสมุดวิทยาเขตสวรรค์ประชารักษ์
►นวนิยาย
บนชั้น
  ขอยืม

รายการใกล้เคียง
    ผู้แต่ง [ล]

BibComment


ยังไม่เคยถูกคอมเมนท์

คอมเมนท์ทรัพยากรรายการนี้
  คอมเมนท์: กุหลาบกลางผืนทราย ล


 Copyright 2026. Bcnsprnw @Library